000 00464nam a2200181Ia 4500
008 090124s9999 xx 000 0 und d
082 _b128561
100 _aपरदेशी दिलीप
245 _a अबोली
250 _a1
260 _c1998
300 _a66
600 _aपरदेशी दिलीप
630 _a अबोली
700 _aपरदेशी दिलीप
730 _a अबोली
942 _cBOOK
999 _c174650
_d174650